000 01041nam a22002177a 4500
999 _c1190
_d1190
003 AR-CdUCM
008 190226b ||||| |||| 00| 0 spa d
040 _aMUNICIPALIDAD PROVINCIAL DEL CUSCO
_cBIBLIOTECA MUNICIPAL DEL CUSCO
082 _a320.985 /
_bM64
100 _aMiróQuesada Rada., Francisco
_94656
245 _aPolítica y ciencia política I : diversas expresiones del humanismo /
260 _aLima :
_bFrancisco Campodónico F., editor;
_b[Talleres Industrial Gráfica S.A.],
_c1981.
300 _a142 p´sginas ;
_c19 cm.
505 _aTomo I, contenido: La ciudad Estado y otras instituciones políticas de la antigüedad -- Realidad política como realidad social -- Política.- Multiplicidad de definiciones y conceptos -- La ciencia política -- Las ramas de la ciencia política -- Diversas expresiones del humanismo ...
650 _aPolítica
_9291
650 _aCiencia política
_91775
650 _aHumanismo
_92496
650 _aPensamiento político
_9270
942 _2ddc
_cLIBROS
945 _alccs
_d2019-02-26